Quiz sur le football grec - Statistiques

Statistiques générales
  • Ce quiz a été pris 72 fois
  • Le résultat moyen est 8 sur 13
Statistiques - réponses
Indice Réponse % Correct
Compétition remportée par la Grèce en 2004 Euro
97%
Compétition européenne remportée par un club grec en 2024 Europa conférence League
91%
3 clubs les plus titrés du championnat grec Olympiakos
91%
3 clubs les plus titrés du championnat grec Panathinaikos
89%
Face à cette équipe en finale Portugal
89%
3 clubs les plus titrés du championnat grec AEK Athènes
88%
Joueur grec passé par Marseille entre 2017 et 2021 Kostas Mitroglou
86%
Citez les deux clubs principaux de la ville de Thessalonique {PAOK} Salonique
77%
Défenseur central grec passé par l'AS Roma entre 2014 et 2019 Kostas Manolas
58%
Citez les deux clubs principaux de la ville de Thessalonique {Aris} Salonique
42%
Sélectionneur italien de la Grèce en 2014 Claudio Ranieri
18%
Joueur le plus capé de la sélection Yórgos Karagoúnis
18%
Meilleur buteur de la sélection Níkos Anastópoulos
0%
Aucun quiz correspondant
Distribution des résultats
% des personnes avec chaque résultat
Percentile par nombre de réponses
Votre historique - résultats
Vous n’avez pas pris ce quiz